|
|
|
|
| LEADER |
00000nas a2200000 i 4500 |
| 001 |
ssj0001941 |
| 003 |
WaSeSS |
| 005 |
20200512172242.0 |
| 006 |
m d |
| 007 |
cr n |
| 008 |
050614c19129999inuqr pss 0 0eng c |
| 010 |
|
|
|a 2018247509
|
| 022 |
|
|
|y 0033-6475
|
| 035 |
|
|
|a (WaSeSS)ssj0001941
|
| 040 |
|
|
|a OCLCS
|b eng
|c OCLCS
|d OCLCQ
|d CO3
|d OCLCQ
|d OCLCE
|d OCLCQ
|d OCLCF
|d OCLCO
|d OCLCA
|d OCLCQ
|d OCLCO
|d UAB
|d LND
|d Z5A
|d VT2
|d ZAC
|d OCLCA
|d U3W
|d COD
|d OCLCQ
|d WYU
|d OCLCO
|d CEF
|d OCLCO
|d IUL
|d WaSeSS
|
| 042 |
|
|
|a pcc
|
| 050 |
1 |
4 |
|a PN4700
|b .Q5
|
| 082 |
0 |
4 |
|a 070.5
|
| 245 |
0 |
4 |
|a The Quill
|h [electronic resource].
|
| 260 |
|
|
|a Indianapolis, IN :
|b Society of Professional Journalists
|
| 310 |
|
|
|a Quarterly,
|b 2018-
|
| 321 |
|
|
|a Monthly,
|b <Dec. 2004>-Aug. 2009
|
| 321 |
|
|
|a Bimonthly,
|b Sept./Oct. 2009-2017
|
| 362 |
1 |
|
|a Print began in 1912.
|
| 506 |
|
|
|a License restrictions may limit access.
|
| 521 |
8 |
|
|a "Magazine for journalists."
|
| 550 |
|
|
|a Issued by: Sigma Delta Chi, 1912-1973.
|
| 588 |
|
|
|a Description based on print version record.
|
| 588 |
|
|
|a Latest issue consulted: Volume 106, No. 1 (Spring 2018) (EBSCO, viewed May 2, 2018).
|
| 650 |
|
0 |
|a Journalism
|v Periodicals.
|
| 650 |
|
7 |
|a Journalism.
|2 fast
|0 (OCoLC)fst00984032
|
| 650 |
1 |
7 |
|a Journalistiek.
|2 gtt
|
| 655 |
|
0 |
|a Electronic journals.
|
| 710 |
2 |
|
|a Society of Professional Journalists (U.S.)
|
| 710 |
2 |
|
|a Sigma Delta Chi.
|
| 710 |
2 |
|
|a Society of Professional Journalists, Sigma Delta Chi.
|
| 770 |
0 |
|
|t Journalist (Indianapolis, Ind.)
|w (OCoLC)607828827
|
| 776 |
0 |
8 |
|i Print version:
|t Quill
|x 0033-6475
|w (DLC) 42042995
|w (OCoLC)1763332
|
| 856 |
4 |
0 |
|z Full text available from Research Library: 09/01/1997 to present
|u https://search.proquest.com/publication/24109
|